Get Better At Getting Better (Record no. 349676)

MARC details
000 -LEADER
fixed length control field 00463nam a2200169Ia 4500
008 - FIXED-LENGTH DATA ELEMENTS--GENERAL INFORMATION
fixed length control field 230718s9999 xx 000 0 und d
020 ## - INTERNATIONAL STANDARD BOOK NUMBER
International Standard Book Number 9780670092161
041 ## - LANGUAGE CODE
Language code of text/sound track or separate title eng
082 ## - DEWEY DECIMAL CLASSIFICATION NUMBER
Classification number 650.1
Item number VEN
100 ## - MAIN ENTRY--PERSONAL NAME
Personal name Venkatesan C.
9 (RLIN) 118605
245 ## - TITLE STATEMENT
Title Get Better At Getting Better
260 ## - PUBLICATION, DISTRIBUTION, ETC. (IMPRINT)
Date of publication, distribution, etc. 2019
Name of publisher, distributor, etc. Penguin/ Portfolio
300 ## - PHYSICAL DESCRIPTION
Extent 236
365 ## - TRADE PRICE
Currency code Rs.
Price amount 299.00
700 ## - ADDED ENTRY--PERSONAL NAME
Personal name Venkatesan C.
9 (RLIN) 118605
906 ## - LOCAL DATA ELEMENT F, LDF (RLIN)
d O:0640822-Feb-2019B:512505-Feb-2019
c GENRL
b 65.78
Holdings
Withdrawn status Lost status Damaged status Not for loan Home library Current library Date acquired Vendor Budget Code Cost, normal purchase price Bill number Total Checkouts Full call number Barcode Date last seen Date last checked out Discount Cost, replacement price Bill Date Koha item type Original Barcode
        Cummins College of Engineering for Women Pune Cummins College of Engineering for Women Pune 22/02/2019 Technical Book Services GENRL 233.22 5125 6 650.1 CCEP-BK-60883 10/03/2026 24/02/2026 65.78 299.00 05/02/2019 Books 060883